Historia del humor gráfico y escrito en la argentina. tomo 1: 1801/1939 /
Guardado en:
| Autor Principal: | |
|---|---|
| Otros Autores: | |
| Formato: | Libro |
| Publicado: |
Buenos Aires :
Eudeba
|
| Series: | Temas
|
| Materias: | |
| Etiquetas: |
Agregar Etiqueta
Sin Etiquetas, Sea el primero en etiquetar este registro!
|
| LEADER | 00680nam a22002295a 4500 | ||
|---|---|---|---|
| 001 | CEM.cems011522 | ||
| 005 | 20070917180307.0 | ||
| 008 | 130507b######################000#0#####d | ||
| 003 | CEMS | ||
| 082 | 0 | 4 | |a 808.7 |
| 100 | 1 | |a Vázquez, Lucio Oscar E. | |
| 245 | 1 | 0 | |a Historia del humor gráfico y escrito en la argentina. tomo 1: 1801/1939 / |c Lucio Oscar E. Vázquez |
| 260 | |a Buenos Aires : |b Eudeba | ||
| 300 | |a 413 p. | ||
| 490 | 0 | |a Temas | |
| 653 | |a Humor | ||
| 653 | |a Humor gráfico | ||
| 653 | |a Hunor político | ||
| 653 | |a Caricatura | ||
| 653 | |a Hunor argentino-historia | ||
| 700 | 1 | |a Siulnas, seud. | |
| 859 | |a CEMS |b BIB. CEMS - 11 de abril |h 808.7 |i V443 |p 22482.04 |t Ej.1 |v 1 |3 1 | ||
